000 01084nam a22002297a 4500
005 20170124103106.0
010 _aA-735576
020 _c00.00
035 _aA-735576
037 _bCen Lib/Ret
040 _aDPL
_bHN
082 _a921
_bहाशमी
100 _aहाशमी, कमर आज़ाद
_98394
245 _aपांचवां चिराग़ :
_cकमर आज़ाद हाशमी
_bचार चिराग़ तेरे बलन हमेशा पंजवा मैं बालन आईयां /
246 _aPanchvan chirag : char chirag tere balan hamesha panjva main balan aaiyan /
_bby Kamar Aazad Hashmi
300 _a288पृ. :
_c21सेमी(सजिल्द)
_bसचित्र
650 _aहिन्दी साहित्य
_978320
650 _aहिन्दी -- जीवनी - कमर आज़ाद हाशमी
_978321
650 _aHindi literature
_978322
650 _aHindi -- Biography - Kamar Azad Hashmi
_978323
942 _2ddc
_cHN
_h921
_mहाशमी
999 _c118098
_d118098